Statistics for Juventus FC squad 2014-2015

Click here to take the quiz!

General Stats

  • This quiz has been taken 85 times
  • The average score is 16 of 28

Answer Stats

PositionPlayer% Correct
GKBuffon
99%
DEFChiellini
95%
MIDPirlo
95%
DEFBonucci
90%
FORTevez
90%
MIDPogba
86%
DEFBarzagli
85%
MIDMarchisio
85%
FORMorata
85%
MIDVidal
78%
DEFEvra
73%
FORLlorente
67%
DEFLichtsteiner
63%
MIDAsamoah
55%
GKStorari
55%
MIDPadoin
48%
MIDPereyra
45%
MIDSturaro
45%
DEFCaceres
42%
DEFOgbonna
37%
GKRubinho
37%
FORComan
33%
MIDPepe
33%
FORMatri
32%
DEFDe Ceglie
19%
MIDMarrone
15%
MIDRômulo
15%
MIDVitale
4%

Score Distribution

Percentile by Number Answered

Percent of People with Each Score

Your Score History

You have not taken this quiz